000 01145nam a2200313 i 4500
001 8425
003 KOSZ 005
005 20210311134615.0
008 071016s1969 pl a f 001 0 pol
015 _aPB 1972/10499
040 _aWA N
_cWA N
_dKOSZ 005/RW
_dKOSZ 005/HR
046 _k1969
080 _a621.311
100 1 _aCiszewski, Ryszard
_eAutor
245 1 0 _aProjektowanie obwodów pomocniczych urządzeń elektroenergetycznych elektrowni i stacji /
_cRyszard Ciszewski, Kazimierz Fulczyk.
260 _aWarszawa :
_bWydawnictwa Naukowo-Techniczne,
_c1969.
300 _a615, [1] s., [12] s. tabl. :
_bil. ;
_c25 cm.
380 _aKsiążki
504 _aBibliogr. przy rozdz. Indeks.
650 4 _aElektroenergetyka
650 4 _aUrządzenia elektryczne
650 4 _aObwód elektryczny
650 4 _aProjektowanie
658 _aInżynieria i technika
700 1 _aFulczyk, Kazimierz
_eAutor
710 2 _aWydawnictwa Naukowo-Techniczne
_4pbl.
856 _uhttp://koha.tu.koszalin.pl/cgi-bin/koha/opac-detail.pl?biblionumber=8425
_yKatalog online BPK
942 _2UKD
_cKS
999 _c8425
_d8425